| 000 | 00789cam a2200265 a 4500 | ||
|---|---|---|---|
| 001 | 11867205 | ||
| 003 | OSt | ||
| 005 | 20180116183026.0 | ||
| 008 | 991213r20001975pau 000 1 eng | ||
| 010 | _a 99091843 | ||
| 020 | _a0738811521 | ||
| 020 | _a073881153X (pbk.) | ||
| 040 |
_aDLC _cDLC _dDLC |
||
| 050 | 0 | 0 |
_aPS3551.N73 _bP47 2000 |
| 082 | 0 | 0 |
_a813.54 ANT 1975 _221 |
| 100 | 1 | _aAnthony, Piers. | |
| 245 | 1 | 0 |
_aPhthor _cPiers Anthony. |
| 260 |
_a[Philadelphia] : _bXlibris, _c[2000], c1975. |
||
| 300 |
_a206 p. ; _c22 cm. |
||
| 500 | _aSequel to: Chthon. | ||
| 655 | 7 |
_aScience fiction. _2gsafd |
|
| 906 |
_a7 _bcbc _corignew _d2 _eepcn _f19 _gy-gencatlg |
||
| 942 |
_2ddc _cBK |
||
| 999 |
_c350780 _d350780 |
||